[Event "Szolnok op"]
[Site "Szolnok"]
[Date "2022.06.16"]
[Round "2"]
[White "Parasics, Gabor"]
[Black "Udvardi, Istvan Jr"]
[Result "0-1"]
[WhiteElo "1248"]
[BlackElo "1878"]
[PlyCount "34"]
[EventDate "2022.06.16"]
[EventType "swiss"]
[EventRounds "7"]
[EventCountry "HUN"]
[SourceTitle "CBM 209 Extra"]
[Source "ChessBase"]
[SourceDate "2022.09.30"]
[SourceVersion "1"]
[SourceVersionDate "2022.09.30"]
[SourceQuality "1"]

1. d4 e6 2. Nf3 f5 3. g3 Nf6 4. Bg2 c5 5. e3 cxd4 6. exd4 Nc6 7. 0-0 Be7 8. Bf4 0-0 9. c3 Qb6 10. Qb3 Nd5 11. Bg5 Bxg5 12. Nxg5 Qd8 13. f4 Na5 14. Qb5 a6 15. Qc5 b6 16. Qd6 Nc4 17. Qb4 Nxb4 0-1

[Event "HUN-chT2 Breyer 1718"]
[Site "Hungary"]
[Date "2017.11.26"]
[Round "4.5"]
[White "Udvardi, Istvan Jr"]
[Black "Dibusz, Ferenc"]
[Result "1/2-1/2"]
[WhiteElo "1843"]
[BlackElo "2183"]
[PlyCount "80"]
[EventDate "2017.09.24"]
[EventType "team-tourn"]
[EventRounds "11"]
[EventCountry "HUN"]
[SourceTitle "EXT 2021"]
[Source "ChessBase"]
[SourceDate "2020.10.23"]
[SourceVersion "1"]
[SourceVersionDate "2020.10.23"]
[SourceQuality "1"]
[WhiteTeam "Tatabanya Turul"]
[BlackTeam "Naszaly Geniusz Tata"]
[WhiteTeamCountry "HUN"]
[BlackTeamCountry "HUN"]

1. e4 c5 2. Nf3 Nc6 3. d4 cxd4 4. Nxd4 Nf6 5. Nc3 e6 6. a3 d5 7. exd5 Nxd5 8. Nxd5 Qxd5 9. Be3 Nxd4 10. Qxd4 Qxd4 11. Bxd4 Bd7 12. 0-0-0 Bc6 13. f3 h5 14. h4 b6 15. Bc4 Be7 16. Be3 Rd8 17. Bg5 Bxg5+ 18. hxg5 Rxd1+ 19. Kxd1 Ke7 20. Ke2 b5 21. Bd3 a6 22. Ke3 g6 23. Rh4 e5 24. g4 Ke6 25. f4 exf4+ 26. Kxf4 Bd5 27. gxh5 gxh5 28. Be2 Rc8 29. c3 Bc4 30. Bxh5 Rd8 31. Bg4+ Ke7 32. Rh2 a5 33. Bf5 Rd1 34. Rf2 Kd6 35. Bg4 Rd5 36. Bf3 Rd3 37. Be4 Rd1 38. Ke3 Re1+ 39. Kf4 Rd1 40. g6 fxg6 1/2-1/2